01007nam a2200193 i 4500001000700000003000900007005001700016008004100033100005600074245019500130260008000325300002600405490004900431650003200480830005700512852010000569999001900669952012500688161126ES-MaACL20250822063217.0990701s1845 sp |||| | spa d1 aOrtolan, Joseph Louis Elzéar, d1802-1873913072410aCurso de legislación penal comparada b: lecciones pronunciadas en la Facultad de Derecho de París / cpor M. Ortolán. De la pena de muerte en los partidos políticos / por F. Guizot. aMadrid : b[s.n.], c1845 (fImp. de la Sociedad Literaria y Tipográfica) a221, 91 p. ; c23 cm.1 aBiblioteca de jurisprudencia y legislación07aDerecho penal2embne9117490 aBiblioteca de jurisprudencia y legislación9187709 aES-MaACLjC-3230 z- Enc. hol. q- Contiene únicamente las 221 p. de las lecciones de Ortolan c161126d161126 001040708LIBXIXaATENEOMbATENEOMcSPALd2008-01-17eSSCl0oC-3230p1168765r2023-02-23 00:00:00w2023-02-23yMONANT